Nghiệp vụ kế toán kiểm toán trường học và các cơ sở giáo dục đào tạo : ( Sách chuyên khảo )

Nội dung cuốn sách cung cấp lý luận cơ bản và hướng dẫn thực hành về nghiệp vụ kế toán, kiểm toán ở trường học và các cơ sở giáo dục - đào tạo hiện nay.

Gespeichert in:
Bibliographische Detailangaben
1. Verfasser: Ngô, Thế Chi
Format: Buch
Sprache:Undetermined
Veröffentlicht: Hà Nội Tài Chính 2009
Schlagworte:
Tags: Tag hinzufügen
Keine Tags, Fügen Sie den ersten Tag hinzu!
Thư viện lưu trữ: Trung tâm Học liệu Trường Đại học Cần Thơ
LEADER 01005nam a2200229Ia 4500
001 CTU_147948
008 210402s9999 xx 000 0 und d
020 |c 289000 
082 |a 657.8327 
082 |b Ch300 
100 |a Ngô, Thế Chi 
245 0 |a Nghiệp vụ kế toán kiểm toán trường học và các cơ sở giáo dục đào tạo : 
245 0 |b ( Sách chuyên khảo ) 
245 0 |c Ngô Thế Chi, Nguyễn Mạnh Thiều ( đồng chủ biên ) 
260 |a Hà Nội 
260 |b Tài Chính 
260 |c 2009 
520 |a Nội dung cuốn sách cung cấp lý luận cơ bản và hướng dẫn thực hành về nghiệp vụ kế toán, kiểm toán ở trường học và các cơ sở giáo dục - đào tạo hiện nay. 
650 |a Accounting,Kế toán 
650 |x Education,Giáo dục 
904 |i QHieu 
980 |a Trung tâm Học liệu Trường Đại học Cần Thơ